Arabic proverbs /

محفوظ في:

المؤلف الرئيسي: Singer, A. P. Mrs. (مؤلف)

مؤلفون آخرون: Littmann, Enno, 1875-1958.

التنسيق: كتاب

اللغة: English
Arabic

الموضوعات:

الوسوم: إضافة وسم

لا توجد وسوم, كن أول من يضع وسما على هذه التسجيلة!

رقم الطلب: ( R )PN6519 .A7 S55 1913

LEADER 01040namaa2200301 4500
001 17370
003 OSt
005 20230109095622.0
008 130303s1913 ua g b 000 0 eng d
952 |0 0  |1 0  |2 lcc  |4 0  |7 1  |9 9173  |a ARCE  |b ARCE  |d 2021-01-05  |l 0  |o ( R )PN6519 .A7 S55 1913  |p 1035052  |r 2021-01-05 00:00:00  |w 2021-01-05  |y BK 
999 |c 17559  |d 17559 
040 |c ARCE Library 
041 0 |a eng  |a ara 
050 0 4 |a ( R )PN6519 .A7 S55 1913 
100 1 |a Singer, A. P.  |c Mrs.  |e author 
245 1 0 |a Arabic proverbs /   |c collected by Mrs. A.P. Singer, edited by Enno Littman. 
264 1 |a Cairo :  |b F. Diemer, Finck & Baylaender, succ.,  |c 1913. 
300 |a xii, 76, 15 pages ;  |c 24 cm. 
336 |a text  |b txt  |2 rdacontent 
337 |a unmediated  |b n  |2 rdamedia 
338 |a volume  |b nc  |2 rdacarrier 
500 |a Added t.-p. and table of contents in Arabic. 
500 |a "Abbreviations" 
504 |a Bibliography : pages ix-xi. 
650 0 |a Proverbs, Arabic. 
700 1 |a Littmann, Enno,  |d 1875-1958.  |9 34833 
901 |a reviewed 
942 |c BK  |2 lcc